| 000 -ლიდერი |
| ფიქსირებული სიგრძის საკონტროლო ველი |
00979nam a2200217Ia 4500 |
| 001 - საკონტროლო ნომერი |
| საკონტროლო ველი |
6908 |
| 003 - საკონტროლო ნომრის იდენტიფიკატორი |
| საკონტროლო ველი |
GE_BSU |
| 005 - ბოლო ოპერაციის თარიღი და დრო |
| საკონტროლო ველი |
20200205133244.0 |
| 008 - ფიქსირებული სიგრძის მონაცემთა ელემენტები - ზოგადი ინფორმაცია |
| ფიქსირებული სიგრძის საკონტროლო ველი |
181216s1980||||g |||||||||||||| ||geo|| |
| 040 ## - კატალოგიზაციის წყარო |
| Transcribing agency |
GE_BSU |
| 041 ## - ენის კოდი |
| Language code of text/sound track or separate title |
geo |
| 080 ## - უნივერსალური ათობითი კლასიფიკაციის ინდექსი |
| Universal Decimal Classification number |
821.353.1 გ-85 |
| 100 ## - მთავარი ჩანაწერი - პიროვნების სახელი |
| Personal name |
გრიშაშვილი, იოსებ. |
| 9 (RLIN) |
6813 |
| 245 ## - ცნობა სათაურის შესახებ |
| Title |
თხზულებანი 5 ტომად : ტომი 1: |
| Remainder of title |
ლექსები 1906-1920 / |
| Statement of responsibility, etc |
იოსებ გრიშაშვილი ; ტომის რედ. აკ. ხინთიბიძე ; გ. მერკვილაძე. |
| Medium |
|
| 264 ## - წარმოების, გამოცემის, დისტრიბუციის და სხვა ცნობები |
| გამოცემის, წარმოების, დისტრიბუციის... ადგილი |
თბილისი : |
| გამოცემის, წარმოების, დისტრიბუციის... სახელწოდება |
საბჭ.საქართველო, |
| გამოცემის, წარმოების, დისტრიბუციის... თარიღი |
1980. |
| 300 ## - ფიზიკური აღწერა |
| Extent |
329 გვ. ; |
| Dimensions |
20 სმ. |
| 653 ## - INDEX TERM--UNCONTROLLED |
| Uncontrolled term |
თხზულებანი |
| 700 ## - ADDED ENTRY--PERSONAL NAME |
| Personal name |
ხინთიბიძე, აკ. |
| Relator term |
რედაქტორი |
| 9 (RLIN) |
6821 |
| 700 ## - ADDED ENTRY--PERSONAL NAME |
| Personal name |
მერკვილაძე, გ. |
| Relator term |
რედაქტორი |
| 9 (RLIN) |
6822 |
| 942 ## - ADDED ENTRY ELEMENTS (KOHA) |
| Koha item type |
წიგნი |
| Source of classification or shelving scheme |
|